Most-Searched People on Wikipedia - Statistics

General Stats
  • This quiz has been taken 148 times
  • The average score is 16 of 37
Answer Stats
views person % Correct
125 m T{rump}
98%
125 m D{onald}
95%
115 m O{bama}
90%
115 m B{arack}
84%
96 m J{ackson}
83%
96 m M{ichael}
83%
70 m R{onaldo}
60%
70 m C{ristiano}
58%
74 m K{ardashian}
57%
74 m K{im}
56%
83 m B{ieber}
53%
61 m M{essi}
53%
83 m J{ustin}
50%
61 m L{ionel}
49%
63 m S{wift}
48%
78 m J{obs}
47%
63 m T{aylor}
47%
78 m S{teve}
46%
92m G{aga}
45%
92 m L{ady}
45%
90 m E{minem}
44%
65 m R{ihanna}
44%
61 m J{ohnny}
30%
61 m D{epp}
29%
64 m G{omez}
27%
64 m S{elena}
27%
84 m H{itler}
26%
84 m A{dolf}
24%
68 m C{yrus}
23%
74 m L{il}
22%
68 m M{iley}
22%
74 m W{ayne}
22%
63 m A{braham}
19%
63 m L{incoln}
19%
67 m E{lizabeth II}
14%
60 m S{hakur}
2%
60 m T{upac}
2%
No matching quizzes found
Score Distribution
Percent of People with Each Score
Percentile by Number Answered
Your Score History
You have not taken this quiz